1725 1295 1341 1073 1356 1878 1189 1144 1103 1167 1930 1475 1649 1278 1600 1736 1463 1034 1778 1126 1104 1864 1307 1166 1011 1664 1905 1406 1181 1754 1977 1106 1522 1243 1247 1434 1375 1645 1305 1093 1144 1257 1896 1603 1348 1857 1848 1764 1103 1669 1378 1703 1400 1435 1158 1021 1285 1352 1943 1256 1312 1616 1076 1530 1387 1531 1301 1518 1581 1406 1481 1042 1706 1946 1351 1940 1315 1824 1936 1571 1551 1087 1335 1553 1558 1656 1386 1804 1093 1741 1953 1107 1236 1659 1284 1493 1331 1688 1186 BCNSPRNW ULIB Ver.6.0+V

เปลี่ยนเป็นภาษาไทย

Change to English
 แสดงรายละเอียดบรรณานุกรม
  กลับหน้าหลัก

Brief Record : Get Marc (ISO 2709) : E-mail record : QR code < ปิดหน้าต่าง
LEADER : 00000nam 2200000uu 4500
001    13399126504
003     ULIB
008    020711s2017 th a 000 0 eng d
020    ^a9780071840613
060    ^aWB18.2^bK28C
100    ^aC. Keith Stone , Roger Humphries
245    ^aCURRENT Diagnosis and Treatment Emergency Medicine
250    ^a8th ed
260    ^aNew York :^bMcGraw-Hill,^c2017
300    ^a1055 pages;^b26 cm
650    ^aEmergency--Medicine
650    ^aDiagnosis
945    ^p2626^l0^i004673
945    ^p2626^l0^i004689
999    ^aประนอม เกษจรัล
รายการนี้ยังไม่มีแท็ก
คุณยังไม่ได้ล็อกอิน คุณสามารถมีกิจกรรมร่วมกับเว็บไซต์ได้ แต่ต้องล็อกอินก่อน ::
  ล็อกอิน

รายการสื่อสารสนเทศ

ลำดับที่ ประเภท เลขเรียก/บาร์โค้ด สถานที่ สถานะ
1. วิทยาศาสตร์การแพทย์ และสุขภาพ
หนังสือสำรอง
สถานะ=หนังสือสำรอง
WB18.2 K28C ฉ.1 
  Barcode: 004673
ห้องสมุดวิทยาเขตสวรรค์ประชารักษ์
►หนังสือทั่วไป
บนชั้น
2. วิทยาศาสตร์การแพทย์ และสุขภาพ
วิทยาศาสตร์การแพทย์ และสุขภาพ
WB18.2 K28C ฉ.2 
  Barcode: 004689
ห้องสมุดวิทยาเขตสวรรค์ประชารักษ์
►หนังสือทั่วไป
บนชั้น

รายการใกล้เคียง
    หัวเรื่อง [Diagnosis]

BibComment


ยังไม่เคยถูกคอมเมนท์

คอมเมนท์ทรัพยากรรายการนี้
  คอมเมนท์: CURRENT Diagnosi..


 Copyright 2026. Bcnsprnw @Library